LEADER 01079nam0 2200289 450 001 000026544 005 20091222105003.0 010 $a978-0-12-558691-7 100 $a20090915d2008----km-y0itay50------ba 101 0 $aeng 102 $aUS 105 $aa-------001yy 200 1 $aAtmosphere, ocean, and climate dynamics$ean introductory text$fJohn Marshall, R. Alan Plumb 210 $aAmsterdam$cElsevier$dc2008 215 $aXX, 319 p.$cill.$d27 cm. 225 2 $aInternational geophysics series$v93 410 0$12001$aInternational geophysics series$v93 500 10$aAtmosphere, ocean, and climate dynamics$943342 610 1 $aCircolazione atmosferica$aInterazione oceano-atmosfera 676 $a551.5246$v20$9TEMPERATURE DELL'ACQUA INFLUENTI SULL'ATMOSFERA. OCEANI E MARI 700 1$aMarshall,$bJohn$f<1954- >$0633624 701 1$aPlumb,$bR. Alan$0633625 801 0$aIT$bUNIPARTHENOPE$c20090915$gRICA$2UNIMARC 912 $a000026544 951 $aDISAM 551-A/2$b3282$cDISAM$d2009 996 $aAtmosphere, ocean, and climate dynamics$943342 997 $aUNIPARTHENOPE LEADER 01712oam 2200481 450 001 9910713937103321 005 20201214091053.0 035 $a(CKB)5470000002506293 035 $a(OCoLC)1200747384$z(OCoLC)1206183780 035 $a(EXLCZ)995470000002506293 100 $a20201019d1983 ua 0 101 0 $aeng 135 $aurbn||||||||| 181 $ctxt$2rdacontent 182 $cc$2rdamedia 183 $acr$2rdacarrier 200 00$aAlleged use of stand-ins for welder qualification tests 210 1$aWashington, D.C. :$cUnited States Nuclear Regulatory Commission, Office of Inspection and Enforcement,$d1983. 215 $a1 online resource 225 1 $aInformation notice ;$vno. 83-61 300 $a"September 26, 1983." 606 $aWelders (Persons)$zUnited States 606 $aVocational qualifications$zUnited States 606 $aNuclear power plants$zUnited States$xDesign and construction 606 $aNuclear power plants$xDesign and construction$2fast 606 $aVocational qualifications$2fast 606 $aWelders (Persons)$2fast 607 $aUnited States$2fast 615 0$aWelders (Persons) 615 0$aVocational qualifications 615 0$aNuclear power plants$xDesign and construction. 615 7$aNuclear power plants$xDesign and construction. 615 7$aVocational qualifications. 615 7$aWelders (Persons) 712 02$aU.S. Nuclear Regulatory Commission.$bOffice of Inspection and Enforcement, 801 0$bGPO 801 1$bGPO 801 2$bOCLCF 801 2$bGPO 906 $aBOOK 912 $a9910713937103321 996 $aAlleged use of stand-ins for welder qualification tests$93349465 997 $aUNINA